|
|
|
|
| LEADER |
00000naa a2200000uu 4500 |
| 001 |
vtls011051948 |
| 003 |
SK-MaSNL |
| 005 |
20260302113633.0 |
| 008 |
210909|1999 xo |||||||||||||||||slo| |
| 015 |
|
|
|a SNBRA
|
| 035 |
|
|
|a (urnnbn)urn:nbn:sk:snk:ar-a0bv60
|
| 035 |
|
|
|a (uuid)27df65e6-9e22-4d2c-aadd-7b2fdede8e98
|
| 035 |
|
|
|a urn:nbn:sk:snk-aav26q
|
| 040 |
|
|
|a SNKBUCL
|b slo
|c SNKBUCL
|e AACR2
|
| 041 |
0 |
|
|a slo
|
| 044 |
|
|
|a xo
|c SK
|
| 100 |
1 |
|
|a Kálna, Karol,
|d 1934-
|4 aut
|9 125999
|
| 245 |
1 |
0 |
|a NAVRHOVANIE OCEĽOVÝCH KONŠTRUKCIÍ PROTI KREHKÉMU PORUŠENIU V NAŠICH A ZAHRANIČNÝCH PREDPISOCH
|c Karol Kálna
|
| 773 |
0 |
|
|t "Stratégia rozvoja oceľových konštrukcií"
|d Košice : Technická univerzita, 1999
|g S. 37-43
|z 8070994428
|
| 958 |
|
|
|a OND
|
| 958 |
|
|
|a article12
|
| 958 |
|
|
|a chapter
|
| 999 |
|
|
|c 1256310
|d 1258240
|